=LDR 00000nam 2200000 4500 =001 INLIS000000000042558 =005 20131008015345 =008 ***********************************ind** =035 ##$$0010-101300000000480 =041 ##$$a ind =082 ##$$a 372.342 =090 ##$$a 372.342, Moc b =100 ##$$a Moch Imronta =245 ##$$a Bahan ajar mahasiswa cara mudah menyusun skripsi, Moch imron Ta =260 ##$$a 2011 $b Jakarta =300 ##$$a Viii,106 hlm, 24 cm =650 ##$$a DISERTASI DAN SKRIPSI =850 ##$$a NBPNMAT =990 ##$$a 93560/BPAP-NTB/2014 =990 ##$$a 94439/BPAP-NTB/2014 =990 ##$$a 0001/BPAP-NTB/20142015 =990 ##$$a 0001/BPAP-NTB/20142015